000 00398nam a2200109Ia 4500
008 171204s9999 xx 000 0 und d
245 4 _aThe Art of Linux Kernel Design: Illustrating the Operating System Design Principle and Implementation
245 _cLixiang Yang
260 _c2014
650 _xADVANCED OPERATING SYSTEM AND NETWORKING
856 _uhttp://down.ebook777.com/050/9781466518032.pdf
999 _c347108
_d347108